Регионална библиотека "Любен Каравелов" - Русе

Великите князе, царете и императорите на Русия (Запис номер 95658)

MARC детайли
000 -Лидер
Контролно поле с фиксирана дължина 01522nam a2200421 c 4500
003 - Код на организацията, давaща контролен номер
Контролно поле BLK
005 - Дата и час на последна редакция
Контролно поле 20190110110835.0
008 - Елементи от данни с фиксирана дължина
fixed length control field 180409b bul|||||r ||||||| ||bul||
010 ## - Наследен системен номер
LC control number KNG00100520000
020 ## - Международен стандартен номер на книга ISBN
Международен стандартен номер на книга ISBN 954-427-446-4
-- издат.: Абагар
040 ## - Източник на каталожния запис
Идентификатор на билиотеката - собственик на записа BLK
041 ## - Код за език
Код за езика на текст/звукозапис или на отделно заглавие Български
Код за езика КДБФ Български
080 ## - УДК
Текстов определител УДК История на Русия и СССР. Вж и 936 ; 957
УДК код - определител по УДК 94(470)
УДК определител (092)
УДК - код + определител 94(470)(092)
080 ## - УДК
Текстов определител УДК Биографии
УДК код - определител по УДК 929
УДК определител (470)
УДК - код + определител 929(470)
100 1# - Редна дума - Автор
Автор Андреев, Йордан Киров
Авторска отговорност първи автор
R(LIN) 365996
139 ## - Редно поле
Редна дума Андреев, Йордан Киров и др.
Авторски знак Андр - А 66
245 10 - Сведения за заглавието
Заглавие Великите князе, царете и императорите на Русия
Редно поле (дума) Йордан Киров Андреев; съавт. Андрей Андреев.
257 ## - Страна на издаване
Страна на създаване/издаване България
260 ## - Област на издателските данни
-- В. Търново
Име на издателя, разпространителя и проч. Абагар
Година на издаване 2001
300 ## - Физическа характеристика
Страници 431 с.
Илюстрации и др. с портр.
Размери/Мащаб 22 см
380 ## - Жанр
Жанр История
650 #4 - Допълнително описание по предмет – тема
Основно описание – тема или топоним Царе, руски
9 (RLIN) 270490
650 #4 - Допълнително описание по предмет – тема
Основно описание – тема или топоним Императори, руски
9 (RLIN) 285797
650 #4 - Допълнително описание по предмет – тема
Основно описание – тема или топоним Династии, руски
9 (RLIN) 300839
651 #4 - Допълнително описание по предмет - топоним
Географско понятие Русия
9 (RLIN) 179465
653 ## - Ключова дума – ненормативна
Ключова дума история
653 ## - Ключова дума – ненормативна
Ключова дума Русия
653 ## - Ключова дума – ненормативна
Ключова дума царе
653 ## - Ключова дума – ненормативна
Ключова дума владетели
653 ## - Ключова дума – ненормативна
Ключова дума императори
653 ## - Ключова дума – ненормативна
Ключова дума династии
700 1# - Други автори (авторска отговорност)
Лично име Андреев, Андрей
Автороска отговорност (Описва отношението между автора и произведението) съавт.
9 (RLIN) 363278
852 ## - Местоположение
Форматна сигнатура Цб 210915
856 4# - Електронен адрес и достъп
Електронен формат pdf - файл
Път до файла /url/
856 4# - Електронен адрес и достъп
Електронен формат pdf - файл
Път до файла /url/
942 ## - АРТИКУЛИ
Вид на библиотечния материал Книги
Скрит в OPAC Не
Koha issues (borrowed), all copies 1
944 ## - СЪЗДАВАНЕ И РЕДАКЦИЯ на ЗАПИСА
Създаване/Редакция Създаване
Дата на регистрацията/редакция 01.01.2001
Служител, извършил регистрацията/редакцията Кети_Илиева
944 ## - СЪЗДАВАНЕ И РЕДАКЦИЯ на ЗАПИСА
Създаване/Редакция Редакция
Дата на регистрацията/редакция 17.12.2016
Служител, извършил регистрацията/редакцията Виолета_Тройчева
999 ## - СИСТЕМНИ КОНТРОЛНИ НОМЕРА
Koha biblionumber 95658
Koha biblioitemnumber 95658
Наличности
Код за отписване Код за изгубен артикул Код за повреда Коз за рестрикции Код за отдаване Артикулен № Име на библиотеката - собственик Име на библиотеката, в която се намира в момента Статус (Текущо местоположение) Дата на вписване в системата Местоположение - отдел Цена в лева Инвентарен номер Систематично азбучна сигнатура Баркод Номер на екземпляра Цена в евро Служебна бележка Служебен тип на артикула Източник на класификационната схема
  Не е изгубен Не е повреден без рестрикции ползва се в читалня 153511 Регионална библиотека "Любен Каравелов" Русе Регионална библиотека "Любен Каравелов" Русе Хранилище 2002-03-01 Хранилище 10.00 120000668911 Цб 210915 120000668911 1 5.11 Дост: Dp Вид: Д N: 44 Дата: 24.10.2001 Книги  
  Не е изгубен Не е повреден без рестрикции ползва се в читалня 153512 Регионална библиотека "Любен Каравелов" Русе Регионална библиотека "Любен Каравелов" Русе Читалня 2002-06-10 Читалня 10.00 120000670349 Ч 93/94/А 66 Й 120000670349 2 5.11 Дост: Pk Вид: Ф N: 21 Дата: 07.06.2002 Дата инв: 28.03.2017 Бележки инв: Ч2017 Книги Universal Decimal Classification
Vip Innovations Ltd, Rousse, Bulgaria 2025